Central Library OPAC University of Rajshahi

Public administration : (Record no. 78419)

MARC details
000 -LEADER
fixed length control field 00759nam a2200241 a 4500
001 - CONTROL NUMBER
control field 78419
003 - CONTROL NUMBER IDENTIFIER
rucl marc code BD-RjUL
005 - DATE AND TIME OF LATEST TRANSACTION
control field 20250817151408.0
008 - FIXED-LENGTH DATA ELEMENTS--GENERAL INFORMATION
fixed length control field 210920s1984 ||||| |||| 00| 0 eng d
035 ## - SYSTEM CONTROL NUMBER
System control number (BD-RjUL)78645
040 ## - CATALOGING SOURCE
Original cataloging agency BD-RjUL
Language of cataloging eng
Transcribing agency BD-RjUL
041 ## - LANGUAGE CODE
Language code of text/sound track or separate title eng
082 ## - DEWEY DECIMAL CLASSIFICATION NUMBER
Edition number 23
Classification number 350
Author mark and year STP 1984
100 ## - MAIN ENTRY--PERSONAL NAME
Personal name Stillman, Richard J.
9 (RLIN) 248181
245 10 - TITLE STATEMENT
Title Public administration :
Remainder of title concepts and cases /
Statement of responsibility, etc. Richard J. Stillman
250 ## - EDITION STATEMENT
Edition statement 3rd. ed.
260 ## - PUBLICATION, DISTRIBUTION, ETC. (IMPRINT)
Place of publication, distribution, etc. Boston :
Name of publisher, distributor, etc. Houghton Mifflin,
Date of publication, distribution, etc. ©1984.
300 ## - PHYSICAL DESCRIPTION
Pagination XII, 529 pages :
Illustrations illustrations ;
Size 24 cm.
650 ## - SUBJECT ADDED ENTRY--TOPICAL TERM
Topical term or geographic name as entry element Public administration
9 (RLIN) 248182
Topical term or geographic name as entry element Public Administration (Science)
9 (RLIN) 16608
Topical term or geographic name as entry element Public Administration (Science) Case Studies
9 (RLIN) 16609
942 ## - ADDED ENTRY ELEMENTS (KOHA)
Source of classification or shelving scheme Dewey Decimal Classification
Koha item type Books
Holdings
Lost status Source of classification or shelving scheme Damaged status Not for loan Collection code Permanent Location Current Location Shelving location Date acquired Source of acquisition Total Checkouts Full call number Date last seen Copy number Koha item type
  Dewey Decimal Classification   Not For Loan Non-fiction Central Library, University of Rajshahi Central Library, University of Rajshahi Reading Room 17/04/1989 Asia Foundation   551 STP 1984 20/09/2021 C-1 Books
  Dewey Decimal Classification     Non-fiction Central Library, University of Rajshahi Central Library, University of Rajshahi General Stacks 10/07/1989 Asia Foundation   350 STP 1984 17/08/2025 C-2 Books